书目信息 |
| 题名: |
病原生物与免疫学基础
|
|
| 作者: | 姚秀缤 主编 | |
| 分册: | ||
| 出版信息: | 北京 人民卫生出版社 2002 |
|
| 页数: | 10,159页 | |
| 开本: | 26cm | |
| 丛书名: | ||
| 单 册: | ||
| 中图分类: | R37-43 , R392-43 | |
| 科图分类: | ||
| 主题词: | 病原微生物--专业学校--教材 , 免疫学--专业学校--教材 | |
| 电子资源: | ||
| ISBN: | 978-7-117-04674-9 | |
| 000 | 00996nam0 2200265 450 | |
| 001 | 0100177135 | |
| 005 | 20020928000000.0 | |
| 010 | @a978-7-117-04674-9@dCNY11.00 | |
| 100 | @a20020312d2002 em y0chiy0110 ea | |
| 101 | 0 | @achi |
| 102 | @aCN@b110000 | |
| 105 | @aa z 000yy | |
| 106 | @ar | |
| 200 | 1 | @a病原生物与免疫学基础@9Bing Yuan Sheng Wu Yu Mian Yi Xue Ji Chu @f姚秀缤主编@b专著 |
| 210 | @a北京@c人民卫生出版社@d2002 | |
| 215 | @a10,159页@c图@d26cm | |
| 300 | @a全国中等卫生职业学校教材 中等职业教育卫生部规划教材 供护理、助产、药剂、卫生保健、康复技术、口腔工艺技术、卫生信息管理、眼视光技术专业用 | |
| 330 | @a本书包括:微生物概述、细胞概述、免疫学基础、临床免疫、常见病原菌、病毒概述、常见病毒、人体寄生虫概述、医学原虫等内容。 | |
| 606 | 0 | @a病原微生物@x专业学校@j教材 |
| 606 | 0 | @a免疫学@x专业学校@j教材 |
| 690 | @aR37-43@v4 | |
| 690 | @aR392-43@v4 | |
| 701 | 0 | @a姚秀缤@9yao xiu bin@4主编 |
| 801 | 0 | @aCN@bAiZhiMarc@c20020319 |
| 905 | @aBZT@dR37-43@e9@f11@sR37-43/9 | |
| 病原生物与免疫学基础/姚秀缤主编.-北京:人民卫生出版社,2002 |
| 10,159页:图;26cm |
| 全国中等卫生职业学校教材 中等职业教育卫生部规划教材 供护理、助产、药剂、卫生保健、康复技术、口腔工艺技术、卫生信息管理、眼视光技术专业用 |
| ISBN 978-7-117-04674-9:CNY11.00 |
| 本书包括:微生物概述、细胞概述、免疫学基础、临床免疫、常见病原菌、病毒概述、常见病毒、人体寄生虫概述、医学原虫等内容。 |
| ● |
| 相关链接 |
|
|
|
正题名:病原生物与免疫学基础
索取号:R37-43/9
 
预约/预借
| 序号 | 登录号 | 条形码 | 馆藏地/架位号 | 状态 | 备注 |
| 1 | 2000021623 | 2000021623 | 旧书回溯/ [索取号:R37-43/9] | 在馆 | |
| 2 | 2000021624 | 2000021624 | 旧书回溯/ [索取号:R37-43/9] | 在馆 | |
| 3 | 2000022093 | 2000022093 | 旧书回溯/ [索取号:R37-43/9] | 在馆 | |
| 4 | 2000022094 | 2000022094 | 旧书回溯/ [索取号:R37-43/9] | 在馆 | |
| 5 | 2000022095 | 2000022095 | 旧书回溯/ [索取号:R37-43/9] | 在馆 | |
| 6 | 2000022096 | 2000022096 | 旧书回溯/ [索取号:R37-43/9] | 在馆 | |
| 7 | 2000129453 | 2000129453 | 旧书回溯/ [索取号:R37-43/9] | 在馆 | |
| 8 | 2000129454 | 2000129454 | 旧书回溯/ [索取号:R37-43/9] | 在馆 | |
| 9 | 2000129455 | 2000129455 | 旧书回溯/ [索取号:R37-43/9] | 在馆 | |
| 10 | 2000129456 | 2000129456 | 旧书回溯/ [索取号:R37-43/9] | 在馆 | |
| 11 | 2000134010 | 2000134010 | 旧书回溯/ [索取号:R37-43/9] | 在馆 |